000 00521nam a2200169 4500
001 133335
003 ES-MaACL
005 20250824063043.0
007 t|
008 070214s1965 sp r ||||1| spa d
100 1 _aRubió i Tudurí, N. Maria,
_d1891-1981
_9100421
245 1 3 _aEl templo egipcio y la divinidad animal /
_cNicolás Mª Rubió y Tudurí.
260 _aBarcelona :
_bSADAG,
_c1965.
300 _a82 p., 14 lám. ;
_c21 cm.
852 _aES-MaACL
_jC-28751
_bR.58213
999 _c133335
_d133335